000 00464nam a2200181Ia 4500
008 090124s9999 xx 000 0 und d
082 _b101431
100 _aआपटे अ. वि.
245 _a बालसंवाद
250 _a1
260 _c1937
300 _a68
600 _aआपटे अ. वि.
630 _a बालसंवाद
700 _aआपटे अ. वि.
730 _a बालसंवाद
942 _cBOOK
999 _c147523
_d147523